000 00297nam a22001337a 4500
008 170630b xxu||||| |||| 00| 0 eng d
020 _a9780072884906
041 _aeng
080 _24TH
_a82
100 _a22
101 _aGJL
245 _aTHE HUMANISTIC TRADITION
_cFIERO,G.K
942 _2udc
_cBK
999 _c19731
_d19731